000 01171nam a22003017a 4500
005 20260216103924.0
008 251028m19551964enk |||gr|||| 00| 0 grc d
040 _aAM-YEHGA
_cAM-YEHGA
041 0 _agrc
_aeng
100 0 _aAppianus,
_cof Alexandria
245 1 0 _aAppian's Roman history /
_cAppianus ; with an english translation by Horace White ; J. D. Denniston, E. I. Robson․
246 3 _aHistoria Romana
250 _aReprinted
260 _aCambridge, Mass. :
_aLondon,
_bHarvard University Press ;
_bHeinemann,
_c1955-1964.
300 _avolume ;
_c17 cm.
490 0 _aThe Loeb classical library ;
_v2-4
500 _aIn four volumes
500 _aParallel text in Greek and English
500 _aOriginally published: London : Heinemann ; New York : Macmillan, 1912-1913
505 1 0 _gVol. 1 (1958, 647, 7 p.) :
_gVol. 2 (1955, 477, 7 p.) :
546 _aParallel text in Greek and English
650 1 4 _aHistory
_xRome (Empire)
651 4 _aRome
_xHistory
_xMilitary
700 1 _aWhite, Horace,
_d1834-1916
_etranlator
700 1 _aDenniston, J.D.
_q(John Dewar),
_d1887-1949
_eeditor
700 1 _aRobson, E. Iliff
_eeditor
942 _2udc
_cBK
_n0
999 _c537379
_d537379